000 01719nam0a2200325 4500
001 RU\NLR\bibl\1501760
005 20260405202715.0
010 _a978-5-7692-1030-3
_9500
021 _aRU
_b2010-17404
_91167
035 _a(NLR Aleph) 001493215
090 _a1774447
_c1774447
100 _a20100420d2009 |||y0rusy50 ca
101 0 _arus
102 _aRU
105 _aa |||||||||
200 1 _aМикроэволюция байкальского омуля
_eCoregonus autumnalis migratorius (Georgi)
_fВ.В. Смирнов, Н.С. Смирнова-Залуми, Л.В. Суханова
_gотв. ред. акад. В.Н. Большаков
_gРос. акад. наук, Сиб. отд-ние, Байкал. музей Иркут. науч. центра, Лимнологический ин-т
210 _aНовосибирск
_cИзд-во Сибирского отделения Российской академии наук
_d2009
215 _a244 с., [4] л. цв. ил.
_cил.
_d22
320 _aБиблиогр.: с. 201-244
517 0 _aCoregonus autumnalis migratorius (Georgi)
606 1 _aБайкальский омуль
_xЭволюция
_92601184
_3RU\NLR\auth\661537742
686 _aЕ693.324.66
700 1 _4070
_8rus
_7ca
_aСмирнов
_bВ. В.
_cд-р биол. наук
_gВасилий Васильевич
_3RU\NLR\auth\7790160
_973087
701 1 _4070
_8rus
_7ca
_aСмирнова
_bН. С.
_cканд. биол. наук
_gНаталья Сергеевна
_3RU\NLR\auth\7730160
_913187
701 1 _aСуханова
_bЛ. В.
_gЛюбовь Васильевна
_4070
801 0 _aRU
_bNLR
_c20100420
_gRCR
801 1 _aRU
_bNLR
_c20100420
942 _cBOOK
980 _aNB